LEADER 01479nam 22005055u 450 001 9910157648803321 005 20211006145402.0 010 $a9783318037050 010 $a3318037052 035 $a(CKB)3780000000102206 035 $a(OCoLC)1046105604 035 $a(SZ-BaSKA)218384 035 $a(MiAaPQ)EBC31866803 035 $a(Au-PeEL)EBL31866803 035 $a(EXLCZ)993780000000102206 100 $a20211006d1981 uy 0 101 0 $aeng 135 $aurunu||||| 181 $ctxt$2rdacontent 182 $cc$2rdamedia 183 $acr$2rdacarrier 200 10$aThe Pharmaceutical Aspects of Cancer Care : $e15th Annual San Francisco Cancer Symposium, San Francisco, Calif., March 1980 / $f editor, J.M. Vaeth 205 $a1st ed. 210 $aBasel : $cS. Karger, $d1981 215 $a1 online resource (VIII + 184 pages) : $c 20 figures, 61 tables 225 1 $aIssn Series 311 08$a9783805515122 311 08$a380551512X 410 0$aIssn Series 517 $aPharmaceutical Aspects of Cancer Care 606 $aRadiology 606 $aOncology 606 $aGynecology 606 $aRespiratory System 615 14$aRadiology 615 14$aOncology 615 24$aGynecology 615 24$aRespiratory System 700 $aVaeth$b J.M$01215141 801 0$bUKSKG 801 1$bUKSKG 906 $aBOOK 912 $a9910157648803321 996 $aThe Pharmaceutical Aspects of Cancer Care$92808391 997 $aUNINA